Finał Ligi Mistrzów 2017/2018 - składy - Statystyki

Ogólne statystyki
  • Ten quiz został rozwiązany 211 razy
  • Średni wynik to 25 z 29
Statystyki odpowiedzi
Pozycja Narodowość Numer Imię i nazwisko % Poprawnych
Napastnik Francja 9 Karim Benzema
99%
Bramkarz Kostaryka 1 Keylor Navas
99%
Pomocnik Chorwacja 10 Luka Modrić
99%
Obrońca Hiszpania 4 Sergio Ramos
99%
Napastnik Portugalia 7 Cristiano Ronaldo
98%
Rezerwowy Walia 11 Gareth Bale
98%
Pomocnik Niemcy 8 Toni Kroos
98%
Trener Francja # Zinédine Zidane
98%
Obrońca Brazylia 12 Marcelo
97%
Napastnik Egipt 11 Mohamed Salah
97%
Pomocnik Brazylia 14 Casemiro
96%
Obrońca Anglia 66 Trent Alexander-Arnold
95%
Obrońca Holandia 4 Virgil van Dijk
95%
Obrońca Szkocja 26 Andrew Robertson
94%
Obrońca Hiszpania 2 Dani Carvajal
94%
Trener Niemcy # Jürgen Klopp
94%
Obrońca Francja 5 Raphaël Varane
94%
Napastnik Senegal 19 Sadio Mané
94%
Napastnik Brazylia 9 Roberto Firmino
93%
Bramkarz Niemcy 1 Loris Karius
91%
Pomocnik Hiszpania 22 Isco
90%
Pomocnik Anglia 14 Jordan Henderson
82%
Pomocnik Anglia 7 James Milner
77%
Obrońca Chorwacja 6 Dejan Lovren
75%
Pomocnik Holandia 5 Georginio Wijnaldum
75%
Rezerwowy Hiszpania 20 Marco Asensio
73%
Rezerwowy Hiszpania 6 Nacho
66%
Rezerwowy Niemcy 23 Emre Can
41%
Rezerwowy Anglia 20 Adam Lallana
31%
Nie znaleziono quizów pasujących do podanych kryteriów
Rozkład punktacji
Procent ludzi z każdym wynikiem
Percentyl według liczby udzielonych odpowiedzi
Twoja historia wyników
Nie rozwiązałeś tego quizu